Inderbir Singh’s Textbook of Human Histology With Colour Atlas and Practical Guide (Record no. 15610)

MARC details
000 -LEADER
fixed length control field 00417nam a22001577a 4500
003 - CONTROL NUMBER IDENTIFIER
control field SGT
020 ## - INTERNATIONAL STANDARD BOOK NUMBER
International Standard Book Number 9789385999321
082 ## - DEWEY DECIMAL CLASSIFICATION NUMBER
Classification number 611.0183
Item number I16V
100 ## - MAIN ENTRY--PERSONAL NAME
Personal name Vasudeva, Neelam
245 ## - TITLE STATEMENT
Title Inderbir Singh’s Textbook of Human Histology With Colour Atlas and Practical Guide
250 ## - EDITION STATEMENT
Edition statement 8TH
260 ## - PUBLICATION, DISTRIBUTION, ETC. (IMPRINT)
Place of publication, distribution, etc NEW DELHI
Name of publisher, distributor, etc JAYPEE PUBLISHER
Year of Publication 2016
300 ## - PAGE DESCRIPTION
No. of Pages 302
650 ## - SUBJECT ADDED ENTRY--TOPICAL TERM
Topical term or geographic name as entry element Human Histology
942 ## - ADDED ENTRY ELEMENTS (KOHA)
Source of classification or shelving scheme Dewey Decimal Classification
Koha item type Books
942 ## - ADDED ENTRY ELEMENTS (KOHA)
-- 7
Holdings
Withdrawn status Lost status Source of classification or shelving scheme Damaged status Not for loan Home library Current library Shelving location Date acquired Vendor Name Cost, normal purchase price SGTU Bill Number Total Checkouts Full call number Accession No. (Barcode) Date last seen Date last borrowed Bill Date Koha item type
    Dewey Decimal Classification     SGT Dental Library SGT Dental Library Text Book 16/06/2018 ABC 595.00 SGTU 9730 8 611.0183 I16V FD7901 04/09/2025 30/08/2025 15/05/2018 Books
    Dewey Decimal Classification     SGT Dental Library SGT Dental Library Text Book 16/06/2018 ABC 595.00 SGTU 9730 16 611.0183 I16V FD7902 24/06/2025 10/06/2025 15/05/2018 Books
    Dewey Decimal Classification     SGT Dental Library SGT Dental Library Text Book 16/06/2018 ABC 595.00 SGTU 9730 12 611.0183 I16V FD7903 24/06/2025 17/06/2025 15/05/2018 Books
    Dewey Decimal Classification     SGT Dental Library SGT Dental Library Text Book 16/06/2018 ABC 595.00 SGTU 9730 22 611.0183 I16V FD7904 01/09/2025 30/08/2025 15/05/2018 Books
    Dewey Decimal Classification     SGT Dental Library SGT Dental Library Text Book 16/06/2018 ABC 595.00 SGTU 9730 5 611.0183 I16V FD7905 20/04/2026 15/04/2026 15/05/2018 Books